Taylor Swift - Devine la chanson sans indices #44 - Statistiques

Statistiques générales
  • Ce quiz a été pris 342 fois
  • Le résultat moyen est 278 sur 411
Statistiques - réponses
Réponse % Correct
a
99%
You
99%
you
99%
you",
99%
I
98%
"I
98%
the
92%
love
91%
oh
91%
Oh,
91%
(oh)
91%
ooh,
91%
whoa,
91%
whoa
91%
me
90%
And
86%
your
86%
be
85%
He
85%
it
85%
to
83%
my
82%
like
81%
that
81%
I'm
80%
"I'm
80%
in
79%
In
79%
it's
78%
It's
78%
But
73%
but
73%
of
73%
for
70%
know
70%
What
70%
what
70%
don't
69%
No
69%
We're
69%
Said,
67%
with
67%
With
67%
car
66%
ever
66%
just
66%
So
66%
baby
65%
got
65%
back
64%
cruel
64%
summer
64%
want
64%
night
62%
say
62%
blue,
60%
from
60%
thing
60%
I've
59%
if
58%
not
58%
body
57%
keep
57%
drunk
56%
new,
56%
shape
56%
up
56%
true
55%
worst
55%
bar
54%
devil
54%
Every
54%
that's
54%
wanna
54%
wasn't
54%
coming
53%
fine",
53%
feeling
51%
heard?
51%
home
51%
their
51%
you'll
51%
cried
50%
kill
50%
more
50%
tell
50%
ain't
49%
doesn't
49%
dream
49%
looks
49%
Bad,
48%
bad
48%
boy
48%
secrets
48%
eyes
47%
high
47%
last
47%
angels
46%
cool,
46%
always
45%
dice,
44%
garden
44%
gate
44%
makes
44%
roll
44%
rules
44%
rules,
44%
head
43%
Devils
42%
out
42%
whatever
41%
window
41%
heaven
40%
screamed
40%
slow,
40%
worth
40%
bought
39%
fate
38%
grinning
38%
machine
38%
'em
37%
quiet
37%
seal
37%
toy
36%
waiting
36%
breakable
35%
Shiny
35%
below
34%
caught
34%
Killing
34%
Fever
33%
through
33%
vending
33%
bleed,
32%
low
32%
snuck
32%
we'll
32%
these
30%
cut
29%
price
29%
times
29%
trying
29%
dying
28%
glow
28%
knife
28%
bone
22%
summer's
22%
screw
20%
Hang
16%
headlights,
13%
Aucun quiz correspondant
Distribution des résultats
% des personnes avec chaque résultat
Percentile par nombre de réponses
Votre historique - résultats
Vous n’avez pas pris ce quiz